000 00613nam a2200241 i 4500
001 C2-0076632
003 PPAK
005 20180727082226.0
008 970429s1992 enka|||| ||||| | eng d
020 _a0600571955
040 _aPPAK
_beng
_cPPAK
_erda
082 0 4 _a641.5
_223
090 0 0 _a641.5
_bLAR
_dR
245 0 0 _aLarousse pratique
250 _aEsson, Lewis
264 1 _aLondon :
_bPaul Hamlyn ,
_c1992
300 _a624 pages :
_billustrations ;
_c26 cm
336 _2rdacontent
_atext
337 _2rdamedia
_aunmediated
338 _2rdacarrier
_avolume
650 1 0 _aCookery
942 _ddc
_cB
999 _c11987
_d11987